000 00854nam a22001937a 4500
999 _c372214
_d372214
008 201127b ||||| |||| 00| 0 eng d
040 _aDE-2950
_bger
_cDE-2950
_erda
041 _ager
245 _aFrankfurt schickt weitere Generatoren
_bHilfe. Die Spendenaktion der Doppelstadt für die ukrainische Partnerstadt Schostka ist mit dem ersten Generatoren-Transport im Dezember nicht beendet. Wann die nächste Lieferung startet und was einen Oderstädter zum Spenden bewegt/
_cPeggy Lohse
264 _c2023
653 _aFrankfurt (Oder)
653 _aSpendenaktion
653 _aSchostka
773 _dFrankfurt (Oder) Märkisches Verlags- und Druckhaus GmbH & Co KG
_tMärkische Oderzeitung
_g34. Jahrgang (2023) Nr. 36 vom 11./12.02.2023, S.21: mit Foto
942 _cA